000 00655nam a22002177a 4500
003 DO-SdBNP
005 20180222095855.0
008 160317b 2003 sp a 00| 0 spa d
020 _a9788484231462
040 _aBPMSU
_bspa
_cBPMSU
082 4 _axxxxxx
_bxxxxxx
100 1 _aPrice, Mathew
245 1 3 _aEl tesoro del farahón /
_cMathew Price ; traducción Rita Schnitzer ; ilustraciones Izhar Cohen
260 _aBarcelona :
_bElfos,
_c2003.
300 _a10 p. :
_bil. ;
_c29 cm.
700 1 2 _aSchnitzar, Rita,
_etr.
700 1 2 _aCohen, Izhar,
_eil.
942 _2ddc
_cBK
945 _aInventariado, 2018 / BT
956 _aBTAVAREZ
_b10
_d20160317
_fBPMSU
_h0038
999 _c9282
_d9282